000 00542nam a2200193Ia 4500
005 20250923144907.0
008 008 250917s9999 xx 000 0 eng d
037 _aTextual
040 _aDSWL
_beng
_cDSWL
041 _aeng
_2eng
084 _aY172:7:7.2.N6, K3
_qDSWL
245 2 _aA New deal for tribal India
_cEd. by Verrier Elwin
260 _aNew Delhi
_bDelhi Ministery of Home
_c1963
300 _avi,146p.
365 _aINR
_b2
925 _g2
942 _cTEXL
_hY172:7:7.2.N6, K3
999 _c1444671
_d1444671